ARRUPE JESUIT UNIVERSITY

CORONAVIRUS -STOP THE SPREAD - CLEAN,DISINFECT,COVER

Stanley (Record no. 118978)

MARC details
000 -LEADER
fixed length control field 00496nam a22001457a 4500
008 - FIXED-LENGTH DATA ELEMENTS--GENERAL INFORMATION
fixed length control field 131203b xxu||||| |||| 00| 0 eng d
020 ## - INTERNATIONAL STANDARD BOOK NUMBER
International Standard Book Number 0571221025
050 ## - LIBRARY OF CONGRESS CALL NUMBER
Classification number SPC DT351.S6J43 2007
100 ## - MAIN ENTRY--PERSONAL NAME
Personal name Jeal, Tim
9 (RLIN) 4802
245 ## - TITLE STATEMENT
Title Stanley
Remainder of title The impossible life of Africa's greatest explorer
260 ## - PUBLICATION, DISTRIBUTION, ETC. (IMPRINT)
Place of publication, distribution, etc London
Name of publisher, distributor, etc Faber & Faber
Date of publication, distribution, etc 2007
300 ## - PHYSICAL DESCRIPTION
Extent xiii; 570p.
Dimensions 23cm
650 ## - SUBJECT ADDED ENTRY--TOPICAL TERM
Topical term or geographic name as entry element Stanley, Henry Morton; Livingstone, David; Leopold II; Stanley, Dorothy; Emin Pasha
9 (RLIN) 4803
942 ## - ADDED ENTRY ELEMENTS (KOHA)
Source of classification or shelving scheme Library of Congress Classification
Item type Monograph ( Printed materials)
Holdings
Withdrawn status Lost status Source of classification or shelving scheme Damaged status Not for loan Home library Current library Date acquired Total Checkouts Full call number Barcode Date last seen Price effective from Koha item type
    Library of Congress Classification     ARRUPE LIBRARY ARRUPE LIBRARY 03/12/2013   SPC DT351.S6J43 2007 464122715 03/12/2013 03/12/2013 Monograph ( Printed materials)

 

Arrupe Library. PO Box MP320 Mt Pleasant, Harare, Zimbabwe
263 242 745411|librarian@aju.ac.zw